000 01179cam a22003134a 4500
001 2629
005 20240131113517.0
020 _a0439651360 (pbk.)
040 _aWASD
_cWASD
_dOCoLC
_dICtvS
_dAkAS
_dOCoLC
_dDLC
_beng
050 0 0 _aPZ7.K8369
_bCgt 2005
082 0 0 _a303
_222
100 1 _aKorman, Gordon
245 1 0 _aChasing the Falconers /
_cGordon Korman
250 _aFirst printing, April 2005
260 _aNew York :
_bScholastic,
_c2005
300 _a154 pages :
_billustrations ;
_c20 cm
490 1 _aOn the run ;
_vBook 1
500 _a"An Apple paperback".
505 _aN
520 _aAidan and Meg Falconers' parents are facing life in prison unless Aidan and Meg can prove their innocence, but first they must escape from a juvenile detention center and elude both the authorities and a sinister attacker who has his own reason to stop them.
521 1 _a680
_bLexile
521 1 _aN
_bRaz-Plus
650 1 _aFugitives from justice
_vFiction.
650 1 _aSiblings
_vFiction.
650 1 _aAdventure and adventurers
_vFiction.
655 7 _aAdventure fiction.
_2gsafd
906 _a7
_bcbc
_ccopycat
_d2
_encip
_f20
_gy-gencatlg
942 _2ddc
_cBK
_n0
999 _c2629
_d2629